000 00640nam a2200217 a 4500
999 _c2994
_d2994
001 2994
003 BD-JhCC
005 20171108210733.0
008 171108b bg |||| |||| 000 0 ben d
035 _a(BD-JhCC)2994
040 _aBD-JhCC
_dBD-JhCC
041 _aben
082 _a891.443
_bBIS
100 _aবিশ্বাস, আবদুল লতিফ
245 _aনয়া দৃষ্টিকোণ /
_cআবদুল লতিফ বিশ্বাস.
260 _aঢাকা :
_bআবদুল হালিম,
300 _a241 p. :
_c21 cm.
650 _aBengali Novel
942 _2ddc
_cBK